000
00240 a2200097 4500
020
_a
9781914484025
100
_a
Juan Jose Millas
245
_a
Life as told by a Sapiens to a Neanderthal
260
_b
Scribe publications
_c
2022
942
_c
OO
999
_c
116066
_d
116065